Dior - Pop Smoke (Full lyrics) - Statistics

General Stats
  • This quiz has been taken 33 times
  • The average score is 273 of 430
Answer Stats
Lyrics % Correct
a
96%
the
93%
I
89%
rrr
89%
She
89%
she
89%
Dior,
85%
Dior
85%
like
85%
on
85%
nigga
81%
way
81%
Christian
78%
for
78%
For
78%
it,
78%
it
78%
all
74%
All
74%
I'm
74%
in
74%
And
70%
and
70%
Billie
70%
gay
70%
is
70%
Jean,
70%
me
70%
me,
70%
one
70%
throw
70%
up
70%
When
70%
when
70%
With
70%
with
70%
another
67%
clap
67%
dance
67%
dick
67%
fuck
67%
that
67%
who
67%
woo
67%
back
63%
Bitch,
63%
'cause
63%
let
63%
Mike
63%
my
63%
niggas
63%
pours
63%
rains,
63%
stores
63%
Amiri,
59%
Amiri
59%
he
59%
Huh,
59%
huh
59%
huh?
59%
huh,
59%
hundreds
59%
move
59%
rock
59%
roll
59%
suckin'
59%
these
59%
we
59%
you
59%
can't
56%
comments
56%
heaven
56%
know
56%
lit
56%
name
56%
screamin'
56%
them
56%
get
52%
page
52%
Shake
52%
shake
52%
spot,
52%
they
52%
to
52%
uh
52%
Wait,
52%
wait,
52%
club,
48%
gon'
48%
send
48%
thot
48%
throwin'
48%
30
44%
never
44%
Oh,
44%
packing
44%
Pop
44%
Smoke,
44%
sturdy,
44%
thirty
44%
walk
44%
automatics,
41%
feelin'
41%
fifties
41%
lackin',
41%
ones
41%
pistol
41%
Said
41%
While
41%
always
37%
bitches
37%
him
37%
make
37%
ayy,
33%
Buy
33%
face
33%
free,
33%
Free
33%
got
33%
hell
33%
If
33%
island,
33%
out
33%
paid
33%
raisin'
33%
some',
33%
time
33%
wildin'
33%
cell
30%
glizzy,
30%
movie
30%
shooters
30%
snatchin'
30%
TNT
30%
.38
26%
call
26%
FaceTime
26%
locked,
26%
mine
26%
take
26%
weapon
26%
bad
22%
bail
22%
Brody
22%
direction
22%
don't
22%
his
22%
section
22%
Tell
22%
Until
22%
came
19%
come
19%
corrections
19%
denied
19%
doin'
19%
from
19%
had
19%
home
19%
keep
19%
need
19%
state
19%
times
19%
want
19%
your
19%
could
15%
I'll
15%
Please
15%
Remember
15%
air
11%
ask
11%
BNB
11%
Glock
11%
really
11%
mouth,
7%
bet
4%
Blue
4%
D-Nice,
4%
Nappy
4%
No matching quizzes found
Score Distribution
Percent of People with Each Score
Percentile by Number Answered
Your Score History
You have not taken this quiz